| 000 | 00734nam a2200253 i 4500 | ||
|---|---|---|---|
| 001 | bg | ||
| 245 | 0 | 0 |
_aCritical terms for literary study / _ced. by Frank Lentricchia and Thomas McLaughlin. |
| 250 | _a2nd ed. | ||
| 260 |
_aChicaco ; _aLondon : _bThe University of Chicago Press, _ccop.1995. |
||
| 300 |
_aX, 486 s. ; _c24 cm. |
||
| 504 | _aBibliogr. s. 447-463. - Indeks. | ||
| 650 | 9 | _aKrytyka literacka | |
| 650 | 9 |
_aLiteratura _xteoria |
|
| 650 | 9 | _aLiteratura amerykańska | |
| 650 | 9 | _aLiteratura angielska | |
| 650 | 9 | _aJęzyk angielski | |
| 020 | _a0226472035 | ||
| 040 | _cBPK | ||
| 041 | 0 | _aen | |
| 080 | _a80:811.111 | ||
| 920 | _a0-226-47203-5 | ||
| 942 | _cKS | ||
| 008 | s pl f |000 0 pol | ||
| 999 |
_c37622 _d37622 |
||
| 856 |
_uhttp://koha.tu.koszalin.pl/cgi-bin/koha/opac-detail.pl?biblionumber=37622 _yKatalog online BPK |
||